<?xml version="1.0" encoding="UTF-8"?>
<record
    xmlns:xsi="http://www.w3.org/2001/XMLSchema-instance"
    xsi:schemaLocation="http://www.loc.gov/MARC21/slim http://www.loc.gov/standards/marcxml/schema/MARC21slim.xsd"
    xmlns="http://www.loc.gov/MARC21/slim">

  <leader>01542nam a22002897a 4500</leader>
  <controlfield tag="001">1436</controlfield>
  <controlfield tag="005">20230825082750.0</controlfield>
  <controlfield tag="008">230825b        cb ||||| |||| 00| 0 khr d</controlfield>
  <datafield tag="020" ind1=" " ind2=" ">
    <subfield code="a">9789924340898</subfield>
  </datafield>
  <datafield tag="040" ind1=" " ind2=" ">
    <subfield code="a">FISKH </subfield>
    <subfield code="b">eng</subfield>
    <subfield code="c">FISKH </subfield>
    <subfield code="d">FISKH </subfield>
  </datafield>
  <datafield tag="082" ind1=" " ind2=" ">
    <subfield code="a">641.665</subfield>
  </datafield>
  <datafield tag="100" ind1=" " ind2=" ">
    <subfield code="a">Vanthary, Oum </subfield>
  </datafield>
  <datafield tag="245" ind1=" " ind2=" ">
    <subfield code="a">&#x1798;&#x17C9;&#x17B6;&#x1780;&#x17CB; &#x1793;&#x17C4;&#x17C7;&#x1798;&#x17B6;&#x1793;&#x17CB;&#x17A2;&#x17D2;&#x17A0;&#x17CE; ! </subfield>
    <subfield code="c">&#x1793;&#x17B7;&#x1796;&#x1793;&#x17D2;&#x1792;&#x178A;&#x17C4;&#x1799; &#x17A2;&#x17CA;&#x17BB;&#x17C6; &#x179C;&#x17D0;&#x178E;&#x1790;&#x17B6;&#x179A;&#x17B8; -  &#x1782;&#x17BC;&#x179A;&#x179A;&#x17BC;&#x1794;&#x178A;&#x17C4;&#x1799; &#x179F;&#x17C0;&#x178F; &#x179F;&#x17BB;&#x1797;&#x17B6;&#x1796; </subfield>
  </datafield>
  <datafield tag="250" ind1=" " ind2=" ">
    <subfield code="a">&#x1794;&#x17C4;&#x17C7;&#x1796;&#x17BB;&#x1798;&#x17D2;&#x1796;&#x179B;&#x17BE;&#x1780;&#x1791;&#x17B8; &#x17E2; &#x178F;&#x17BB;&#x179B;&#x17B6; &#x17E2;&#x17E0;&#x17E2;&#x17E1; </subfield>
  </datafield>
  <datafield tag="260" ind1=" " ind2=" ">
    <subfield code="a">Phnom Penh : </subfield>
    <subfield code="b">Sipar, </subfield>
    <subfield code="c">2021. </subfield>
  </datafield>
  <datafield tag="300" ind1=" " ind2=" ">
    <subfield code="a">23 pages :  </subfield>
    <subfield code="b">color illustrations ;</subfield>
    <subfield code="c">27 cm </subfield>
  </datafield>
  <datafield tag="490" ind1=" " ind2=" ">
    <subfield code="a">&#x178F;&#x179F;&#x17CB;&#x17A2;&#x17B6;&#x1793;! </subfield>
  </datafield>
  <datafield tag="505" ind1=" " ind2=" ">
    <subfield code="a">J </subfield>
  </datafield>
  <datafield tag="520" ind1=" " ind2=" ">
    <subfield code="a">&#x178F;&#x17B8;&#x178F;&#x17B8;&#x1783;&#x17BE;&#x1789;&#x179F;&#x178F;&#x17D2;&#x179C;&#x1798;&#x17BD;&#x1799;&#x1793;&#x17C5;&#x178F;&#x17B6;&#x1798;&#x1795;&#x17D2;&#x179B;&#x17BC;&#x179C; &#x1793;&#x17B6;&#x1784;&#x1780;&#x17CF;&#x179F;&#x17BD;&#x179A;&#x1791;&#x17C5;&#x1798;&#x17D2;&#x178A;&#x17B6;&#x1799; &#x17A0;&#x17BE;&#x1799;&#x1782;&#x17B6;&#x178F;&#x17CB;&#x1794;&#x17D2;&#x179A;&#x17B6;&#x1794;&#x17CB;&#x1790;&#x17B6;&#x1793;&#x17C4;&#x17C7;&#x1782;&#x17BA;&#x1798;&#x17B6;&#x1793;&#x17CB;&#x17D4; &#x178F;&#x17C2;&#x1796;&#x17C1;&#x179B;&#x178A;&#x17C2;&#x179B;&#x178F;&#x17B8;&#x178F;&#x17B8; &#x1783;&#x17BE;&#x1789;&#x179F;&#x178F;&#x17D2;&#x179C;&#x179F;&#x17D2;&#x179B;&#x17B6;&#x1794;&#x1795;&#x17D2;&#x179F;&#x17C1;&#x1784;&#x17D7; &#x1793;&#x17B6;&#x1784;&#x1782;&#x17B7;&#x178F;&#x1790;&#x17B6;&#x1796;&#x17BD;&#x1780;&#x179C;&#x17B6;&#x1782;&#x17BA;&#x1787;&#x17B6;&#x1798;&#x17B6;&#x1793;&#x17CB;&#x1791;&#x17B6;&#x17C6;&#x1784;&#x17A2;&#x179F;&#x17CB;&#x17D4;  </subfield>
  </datafield>
  <datafield tag="520" ind1=" " ind2=" ">
    <subfield code="a">Teytey saw an animal on the street. She asked her mother, her mother said it was a chicken. But when Teytey saw the birds, she thought they were all chickens.</subfield>
  </datafield>
  <datafield tag="521" ind1=" " ind2=" ">
    <subfield code="a">500 
</subfield>
    <subfield code="b">Lexile estimate 
</subfield>
  </datafield>
  <datafield tag="521" ind1=" " ind2=" ">
    <subfield code="a">J 
</subfield>
    <subfield code="b">Raz-Plus 
</subfield>
  </datafield>
  <datafield tag="650" ind1=" " ind2=" ">
    <subfield code="a">&#x1798;&#x17B6;&#x1793;&#x17CB;  </subfield>
    <subfield code="v">&#x1785;&#x17B6;&#x1794;</subfield>
    <subfield code="x">&#x1785;&#x17D2;&#x179A;&#x17A1;&#x17C6; </subfield>
  </datafield>
  <datafield tag="650" ind1=" " ind2=" ">
    <subfield code="a">Chicken</subfield>
    <subfield code="v">Birds </subfield>
    <subfield code="x">Confuse</subfield>
  </datafield>
  <datafield tag="700" ind1=" " ind2=" ">
    <subfield code="a">Sopheap, Siet </subfield>
    <subfield code="c">illustrations </subfield>
  </datafield>
  <datafield tag="942" ind1=" " ind2=" ">
    <subfield code="2">ddc</subfield>
    <subfield code="c">BK</subfield>
    <subfield code="n">0</subfield>
  </datafield>
  <datafield tag="999" ind1=" " ind2=" ">
    <subfield code="c">1436</subfield>
    <subfield code="d">1436</subfield>
  </datafield>
  <datafield tag="952" ind1=" " ind2=" ">
    <subfield code="0">0</subfield>
    <subfield code="1">0</subfield>
    <subfield code="2">ddc</subfield>
    <subfield code="4">0</subfield>
    <subfield code="7">0</subfield>
    <subfield code="8">KH</subfield>
    <subfield code="a">001</subfield>
    <subfield code="b">001</subfield>
    <subfield code="c">KHRS</subfield>
    <subfield code="d">2023-08-25</subfield>
    <subfield code="l">2</subfield>
    <subfield code="o">VAN 641.665</subfield>
    <subfield code="p">2023-0353</subfield>
    <subfield code="r">2025-11-13 14:38:38</subfield>
    <subfield code="s">2025-08-22</subfield>
    <subfield code="t">1</subfield>
    <subfield code="w">2023-08-25</subfield>
    <subfield code="y">BK</subfield>
  </datafield>
  <datafield tag="952" ind1=" " ind2=" ">
    <subfield code="0">0</subfield>
    <subfield code="1">0</subfield>
    <subfield code="2">ddc</subfield>
    <subfield code="4">0</subfield>
    <subfield code="7">0</subfield>
    <subfield code="8">KH</subfield>
    <subfield code="a">001</subfield>
    <subfield code="b">001</subfield>
    <subfield code="c">KHRS</subfield>
    <subfield code="d">2023-08-25</subfield>
    <subfield code="l">4</subfield>
    <subfield code="o">VAN 641.665</subfield>
    <subfield code="p">2023-0354</subfield>
    <subfield code="r">2025-02-14 14:16:40</subfield>
    <subfield code="s">2024-12-04</subfield>
    <subfield code="t">2</subfield>
    <subfield code="w">2023-08-25</subfield>
    <subfield code="y">BK</subfield>
  </datafield>
</record>
